00839 2200301 4500001002100000005001500021035002000036007000300056008004100059040001700100100002600117245009600143250000900239300003000248020002200278041000800300082000800308084001400316090002100330260003300351600001700384700003000401850001000431990002400441990002400465990002400489990002400513INLIS00000000000272420260531101200 a0010-0720000007ta260531 j 0 ind  aSBPUPADbind0 aKricskovics Zsuzsanna1 aDekorasi Rumah :bAyo berkreasi origami /cKricskovics Zsuzsanna; Editor: Widya Ayu Ningrum aEd.1 a74 hlm. :bilus. ;c28 cm a978-602-252-431-107aind a371 a371 KRI d a641.5 RIK s 20-8 a--Jakarta :bErlangga,c2007 4aKeterampilan0 aEditor: Widya Ayu Ningrum aPUPAD a34.631/DAK/DPK/2020 a34.632/DAK/DPK/2020 a34.634/DAK/DPK/2020 a34.633/DAK/DPK/2020